[Event "C.to Provinciale MI"]
[Site "Milano ITA"]
[Date "2013.01.27"]
[Round "6"]
[White "Colica, Daniele"]
[Black "Cagnotto, Marco"]
[WhiteElo "1718"]
[BlackElo "1434"]
[Result "0-1"]
[PlyCount "76"]
[EventDate "2013.01.24"]

1. e4 c5 2. Nc3 Nc6 3. g3 g6 4. Bg2 Bg7 5. d3 Nf6 6. f4 d6 7. Nf3 O-O 8. O-O
Bg4 9. Be3 Qc8 10. Qd2 Bh3 11. f5 Bxg2 12. Kxg2 gxf5 13. Bh6 Bxh6 14. Qxh6 Ng4
15. Qh4 f6 16. Rae1 fxe4 17. Nxe4 Nb4 18. h3 Nxc2 19. hxg4 Nxe1+ 20. Rxe1 Qd7
21. Nfg5 fxg5 22. Nxg5 e5 23. Ne4 Qf7 24. Qg5+ Kh8 25. Qe3 Qxa2 26. Qd2 Rf7 27.
Nxd6 Qd5+ 28. Ne4 Raf8 29. Kg1 Qd4+ 30. Kg2 Rg7 31. g5 Qd5 32. Kh2 Rd8 33. Re3
c4 34. Nf6 Qd4 35. Qa5 cxd3 36. Rxe5 d2 37. Rd5 Rxd5 38. Nxd5 d1=Q 0-1

[Event "C.to Provinciale MI"]
[Site "Milano ITA"]
[Date "2013.01.27"]
[Round "6"]
[White "Vece, Luigi"]
[Black "Frignani, Alessandro"]
[WhiteElo "1681"]
[BlackElo "1327"]
[Result "1-0"]
[PlyCount "41"]
[EventDate "2013.01.24"]

1. e4 e5 2. Nf3 d6 3. d4 exd4 4. Nxd4 c5 5. Nb3 Nf6 6. Nc3 a6 7. Bf4 Nc6 8. Qd2
Qe7 9. O-O-O Qc7 10. Bxd6 Bxd6 11. Qxd6 Qxd6 12. Rxd6 Be6 13. Nxc5 Rb8 14. Nxa6
bxa6 15. Rxc6 Rb4 16. Rxa6 Ke7 17. e5 Nd7 18. Ra7 Rhb8 19. b3 Bf5 20. Nd5+ Ke6
21. Nxb4 1-0

[Event "C.to Provinciale MI"]
[Site "Milano ITA"]
[Date "2013.01.27"]
[Round "6"]
[White "Pipitone, Filippo Massimo"]
[Black "Ragoso, Mario"]
[WhiteElo "1560"]
[BlackElo "1642"]
[Result "0-1"]
[PlyCount "26"]
[EventDate "2013.01.24"]

1. d4 Nf6 2. Nf3 d6 3. e3 g6 4. Be2 Bg7 5. O-O O-O 6. c4 Nbd7 7. Nc3 c5 8. Re1
a6 9. h3 b6 10. Qc2 Bb7 11. d5 b5 12. b3 b4 13. Bb2 bxc3 0-1

[Event "C.to Provinciale MI"]
[Site "Milano ITA"]
[Date "2013.01.27"]
[Round "6"]
[White "Russo, Luca"]
[Black "Ruggeri, Igor"]
[WhiteElo "1551"]
[BlackElo "1601"]
[Result "1-0"]
[PlyCount "123"]
[EventDate "2013.01.24"]

1. d4 Nf6 2. c4 g6 3. Nc3 Bg7 4. e4 d6 5. Nf3 O-O 6. Be2 c5 7. d5 e6 8. O-O
exd5 9. exd5 Bg4 10. Bf4 Nh5 11. Bd2 Nd7 12. h3 Bxf3 13. Bxf3 Nhf6 14. Rc1 Ne5
15. Be2 a6 16. f4 Ned7 17. Qc2 Ne8 18. Ne4 f5 19. Ng5 Bd4+ 20. Kh1 Nc7 21. Rce1
Qf6 22. Qb3 Rab8 23. Bd3 b5 24. cxb5 axb5 25. Ne6 c4 26. Bxc4 bxc4 27. Qxc4
Nxe6 28. dxe6 Nb6 29. Qc7 Nd5 30. Qxd6 Ne7 31. b4 Rbd8 32. Qa6 Ra8 33. Qc4 Rfc8
34. Qb3 Rc7 35. Rc1 Rca7 36. Rc2 Ra3 37. Qc4 Kg7 38. b5 Rc8 39. Qxc8 Nxc8 40.
Rxc8 Qxe6 41. Rfc1 Qe2 42. Bb4 Rxa2 43. Bf8+ Kf7 44. R1c7+ Ke6 45. Re8+ Kd5 46.
Rxe2 Rxe2 47. Rxh7 Re1+ 48. Kh2 Bg1+ 49. Kg3 Re3+ 50. Kh4 Bf2+ 51. Kg5 Rg3+ 52.
Kh6 Rxg2 53. Rg7 Ke4 54. Bd6 Rg3 55. Rxg6 Rxh3+ 56. Kg7 Rb3 57. Re6+ Kd5 58.
Kf7 Bd4 59. Be5 Rxb5 60. Rd6+ Kc4 61. Rxd4+ Kc5 62. Kg6 1-0

[Event "C.to Provinciale MI"]
[Site "Milano ITA"]
[Date "2013.01.27"]
[Round "6"]
[White "Marchesotti, Giovanni"]
[Black "Vignati, Andrea"]
[WhiteElo "1565"]
[BlackElo "1560"]
[Result "1/2-1/2"]
[PlyCount "35"]
[EventDate "2013.01.24"]

1. Nf3 d5 2. g3 Nc6 3. Bg2 e5 4. d3 Nf6 5. Nbd2 Bf5 6. O-O Qd7 7. b3 Bd6 8. Bb2
Bh3 9. c4 d4 10. a3 O-O 11. b4 a6 12. c5 Be7 13. Nc4 Bxg2 14. Kxg2 Qd5 15. e4
Nxe4 16. Re1 Nf6 17. Ncxe5 Rfe8 18. Qa4 1/2-1/2

[Event "C.to Provinciale MI"]
[Site "Milano ITA"]
[Date "2013.01.27"]
[Round "6"]
[White "Iacopini, Federico"]
[Black "Madaschi, Sergio"]
[WhiteElo "1413"]
[BlackElo "1511"]
[Result "1-0"]
[PlyCount "73"]
[EventDate "2013.01.24"]

1. e4 c5 2. Nc3 Nc6 3. g3 g6 4. Bg2 Bg7 5. f4 e6 6. Nf3 Nge7 7. d3 d6 8. Qe2
Qc7 9. Be3 Nd4 10. Bxd4 cxd4 11. Nd1 Nc6 12. Nf2 Bd7 13. O-O O-O 14. Ng4 h5 15.
Nf2 Rfe8 16. g4 hxg4 17. Nxg4 f5 18. Nf2 e5 19. fxe5 dxe5 20. exf5 gxf5 21. Ng5
Qd6 22. Qh5 Qf6 23. Bd5+ Be6 24. Bxe6+ Rxe6 25. Nxe6 Qxe6 26. Nh3 f4 27. Ng5
Qf5 28. Rf2 Rf8 29. Raf1 Ne7 30. Rg2 Nd5 31. Rgf2 Nf6 32. Qh4 Ng4 33. Rxf4 exf4
34. Rxf4 Qg6 35. Rxf8+ Bxf8 36. Qxg4 Be7 37. Qe6+ 1-0

[Event "C.to Provinciale MI"]
[Site "Milano ITA"]
[Date "2013.01.27"]
[Round "6"]
[White "Calabrese, Maurizio"]
[Black "Colombo, Abner"]
[WhiteElo "1518"]
[BlackElo "1356"]
[Result "1-0"]
[PlyCount "101"]
[EventDate "2013.01.24"]

1. e4 e5 2. Nf3 d6 3. Bc4 Be6 4. Bxe6 fxe6 5. Qe2 Nf6 6. d4 Nc6 7. Ng5 Nxd4 8.
Qc4 d5 9. exd5 exd5 10. Qd3 Bc5 11. O-O Qe7 12. Kh1 O-O-O 13. Qh3+ Rd7 14. Na3
a6 15. Rd1 h6 16. Nf3 Nxf3 17. Qxf3 Ne4 18. Be3 Rf8 19. Qe2 Bxa3 20. f3 Bxb2
21. Rab1 Nc3 22. Qf2 Nxd1 23. Rxd1 e4 24. Bc5 e3 25. Bxe7 exf2 26. Bxf8 d4 27.
g3 d3 28. c4 Bc3 29. Bc5 Be1 30. Kg2 d2 31. Bxf2 Bxf2 32. Kxf2 Rd3 33. Ke2 Rc3
34. Rxd2 Rxc4 35. Ke3 c5 36. f4 b5 37. h4 Rd4 38. Rxd4 cxd4+ 39. Kxd4 Kd7 40.
Kc5 Kc7 41. g4 g6 42. a3 Kb7 43. f5 gxf5 44. g5 hxg5 45. hxg5 f4 46. Kd4 Kc6
47. g6 f3 48. Ke3 a5 49. g7 b4 50. axb4 f2 51. Kxf2 1-0